000 00322nam a2200121Ia 4500
008 210430s9999 xx 000 0 und d
020 _a969-8893-00-8
082 _aM2141S 595.726
100 _aSyed Khalid Mahmood
_91581
245 _aSpotlight on World Cup 2003
_cSyed Khalid Mahmood
300 _a186
942 _cBK
_2ddc
999 _c565340
_d565340